| 000 | 01126nam a2200265 a 4500 | ||
|---|---|---|---|
| 001 | 0000187 | ||
| 003 | DO-SdBNP | ||
| 005 | 20240412074248.0 | ||
| 007 | ta | ||
| 008 | 100514t2010 dr 001 p spa d | ||
| 020 | _a9789945427967 | ||
| 040 |
_aDO-SdBNP _bspa _cBNPHU |
||
| 082 | 4 |
_aRD861.44 _bT266u |
|
| 100 | 1 |
_aTejeda Read, Ramón, _d1954- _940386 |
|
| 245 | 1 | 0 |
_aUasdianas / _cRamón Tejeda Read. |
| 260 |
_aSanto Domingo : _bBúho, _c2010. |
||
| 300 |
_a88 p. ; _c22 cm. |
||
| 500 | _aIncluye datos biográficos del autor en las solapas. | ||
| 505 | 0 | _aUasdiana primera. Rapsodia -- Uasdiana de Pedro -- Uasdiana tercera. Imágenes de los setenta -- Uasdiana cuarta. El Che de Korda (A cuarenta años de la muerte del Che -- Uasdiana quinta. Desde lo profundo -- Uasdiana sexta. Constelación de nubes -- Uasdiana séptima. Juventud -- Uasdiana octava. Treinticinco años -- Uasdiana novena. Árbol -- Uasdiana última. BacKup. | |
| 590 | _aInventariado, 2019/LP | ||
| 650 | 1 | 4 |
_aPoesía dominicana _966 |
| 650 | 1 | 0 |
_aLiteratura dominicana. _967 |
| 910 | _aValidado. Control de calidad EMS | ||
| 942 |
_2ddc _cLBS1 |
||
| 999 |
_c18228 _d18228 |
||